Cuentos de humor y terror /

Guardado en:
Autor Principal: Oche Califa
Formato: Libro
Publicado: Buenos Aires : La Nación
Series:Libros ilustrados
Materias:
Etiquetas: Agregar Etiqueta
Sin Etiquetas, Sea el primero en etiquetar este registro!
LEADER 00711nam a22001935a 4500
001 CEM.cems011692
005 20070809120401.0
008 130507b######################000#0#####d
003 CEMS
082 0 4 |a F800 
100 1 |a Oche Califa 
245 1 0 |a Cuentos de humor y terror /  |c Oche Califa ; ilustrado Por Huadi 
260 |a Buenos Aires :  |b La Nación 
300 |a 36 p. 
490 0 |a Libros ilustrados 
505 0 |a Lazarillo de Tormes -- Anónimo / La historia del inváido / Mark Twain -- El licenciado vidriera / Miguel de Cervantes Saavedra -- Una conflagración imperfecta / Ambrose Bierce 
653 |a Literatura 
653 |a Literatura universal 
859 |a CEMS  |b BIB. CEMS - 11 de abril  |h F800  |i 36-3  |p 2076.44  |t Ej.1